Statistics for Fast Spelling - US States

Click here to take the quiz!

General Stats

  • This quiz has been taken 353 times
  • The average score is 11 of 20

Answer Stats

HintAnswer% Correct
WashingtonWashington
98%
CaliforniaCalifornia
94%
OklahomaOklahoma
86%
ColoradoColorado
84%
New JerseyNew Jersey
81%
WisconsinWisconsin
79%
NebraskaNebraska
78%
MontanaMontana
72%
MinnesotaMinnesota
71%
ConnecticutConnecticut
54%
MassachusettsMassachusetts
53%
FloridaFlorida
52%
MississippiMississippi
46%
TennesseeTennessee
30%
North DakotaNorth Dakota
28%
New HampshireNew Hampshire
26%
South DakotaSouth Dakota
24%
North CarolinaNorth Carolina
16%
South CarolinaSouth Carolina
14%
West VirginiaWest Virginia
12%

Score Distribution

Percentile by Number Answered

Percent of People with Each Score

Your Score History

You have not taken this quiz